000 00510nam a22001697a 4500
008 220822b |||||||| |||| 00| 0 eng d
020 _a1138832336
050 _aLB2840
_b.Q54 2016 c.1
100 _aQuigley, Alex
245 _aThe Confident Teacher:
_bDeveloping successful habits of mind, body and pedagogy/
_cAlex Quigley
260 _aLondon
_bRoutledge
_c2016
300 _ax, 291p.
650 _aTeachers
_vpsychology
650 _aEffective teaching
650 _aSelf-confidence
942 _2lcc
_cBK
999 _c19459
_d19458